000 00282nam a2200109Ia 4500
008 201210s9999 xx 000 0 und d
100 _aKothari, G. M.
245 0 _aLabour Law and Practice
260 _aCalcutta
_bInternational Law Book Centre
_c1979
490 _vVol-II
942 _cBK
999 _c5311
_d5311